[Event "IIFL Wealth  4th Mumbai Junior U-13"]
[Site "Mumbai"]
[Date "2019.01.06"]
[Round "8"]
[White "Ananya Arumbakkam"]
[Black "Barde Om"]
[Result "1/2-1/2"]
[WhiteElo "1405"]
[BlackElo "1801"]
[Annotator "NA"]
[PlyCount "143"]
[EventDate "2018.12.30"]
[EventType "swiss"]
[EventCountry "IND"]
[SourceTitle "playchess.com"]
[Source "ChessBase"]
[SourceQuality "1"]
[TimeControl "40/5400+30:1800+30"]

1. e4 {[%emt 0:00:00]} c5 {[%emt 0:00:00]} 2. Nf3 {[%emt 0:00:09]} d6 {[%emt 0:00:00]} 3. Bb5+ {[%emt 0:00:25]} Bd7 {[%emt 0:00:00]} 4. Bxd7+ {[%emt 0:00:13]} Nxd7 {[%emt 0:00:13]} 5. d4 {[%emt 0:01:39]} cxd4 {[%emt 0:01:46]} 6. Qxd4 {[%emt 0:00:45]} e6 {[%emt 0:04:06] B52: Sicilian: Moscow Variation with 3...Bd7} 7. c4 {[%emt 0:01:08]} Ngf6 {[%emt 0:00:57]} 8. Nc3 {[%emt 0:01:15]} a6 {[%emt 0:00:09]} 9. O-O {[%emt 0:01:30]} Be7 {[%emt 0:00:31]} 10. b3 {[%emt 0:00:40]} O-O {[%emt 0:02:54]} 11. Bb2 {[%emt 0:00:25]} Qc7 {[%emt 0:03:44]} 12. Rac1 {[%emt 0:01:06]} Rac8 {[%emt 0:00:19]} 13. Rfd1 {[%emt 0:04:52] [#]} Qb8 $146 {[%emt 0:02:16]} ({Predecessor:} 13... Rfd8 14. h3 h6 15. Qe3 {½-½ (43) Kirwald,F (2265)-Faber,H (2504) Remote email 2013}) 14. Ne1 {[%emt 0:02:53]} Rfd8 {[%emt 0:03:26]} 15. Nc2 {[%emt 0:03:46]} b5 {[%emt 0:06:38]} 16. cxb5 {[%emt 0:04:47]} axb5 {[%emt 0:00:21]} 17. Nb4 {[%emt 0:00:37]} Qb7 {[%emt 0:03:06]} 18. Kh1 {[%emt 0:05:18]} Ne5 {[%emt 0:11:48]} 19. f3 {[%emt 0:06:21]} Nc6 {[%emt 0:24:17]} 20. Nxc6 {[%emt 0:03:40]} Rxc6 {[%emt 0:00:37]} 21. e5 {[%emt 0:04:56]} Ne8 {[%emt 0:01:52]} 22. Ne4 {[%emt 0:09:38]} d5 {[%emt 0:09:16]} 23. Nf2 {[%emt 0:04:58]} Ra6 {[%emt 0:02:26]} 24. a3 {[%emt 0:09:30]} Bxa3 {[%emt 0:06:08]} 25. Bxa3 {[%emt 0:00:06]} Rxa3 {[%emt 0:00:02]} 26. Qb4 {[%emt 0:00:25]} Ra6 {[%emt 0:06:44]} 27. Rc5 {[%emt 0:02:05]} Rb8 {[%emt 0:01:55]} 28. Rdc1 {[%emt 0:00:57]} Qd7 {[%emt 0:04:16]} 29. Nd3 {[%emt 0:03:23]} Rab6 {[%emt 0:00:35]} 30. Ra1 {[%emt 0:01:38]} h6 {[%emt 0:01:09]} 31. h3 {[%emt 0:00:54]} Kh7 {[%emt 0:00:30]} 32. Kh2 {[%emt 0:00:07]} R6b7 {[%emt 0:02:13]} 33. Ra6 {[%emt 0:01:52]} Qe7 {[%emt 0:00:19]} 34. Rac6 {[%emt 0:04:14]} Qd7 {[%emt 0:01:35]} 35. Ra6 {[%emt 0:00:44]} Rb6 {[%emt 0:00:49]} 36. Ra5 {[%emt 0:00:28]} R8b7 {[%emt 0:00:26]} 37. Ra8 {[%emt 0:02:03]} Nc7 {[%emt 0:00:33]} 38. Ra5 {[%emt 0:01:16]} Qe7 {[%emt 0:00:32]} 39. Qa3 {[%emt 0:01:49]} g6 {[%emt 0:00:24]} 40. Ra7 {[%emt 0:00:00]} Ne8 {[%emt 0:00:00]} 41. Rxb7 {[%emt 0:01:41]} Qxb7 {[%emt 0:03:05]} 42. Qc1 {[%emt 0:01:07]} Qe7 {[%emt 0:04:17]} 43. Rc8 {[%emt 0:06:04]} Qd7 {[%emt 0:07:48]} 44. b4 {[%emt 0:01:58]} Rb7 {[%emt 0:04:28]} 45. Qc5 {[%emt 0:01:02]} Kg7 {[%emt 0:02:03]} 46. f4 {[%emt 0:02:55]} Rc7 {[%emt 0:07:36]} 47. Rxc7 {[%emt 0:00:08]} Qxc7 {[%emt 0:00:12]} 48. Qxb5 {[%emt 0:01:36]} Qc4 {[%emt 0:00:22]} 49. Qxc4 {[%emt 0:03:28]} dxc4 {[%emt 0:00:16]} 50. Nc5 {[%emt 0:01:05]} Nc7 {[%emt 0:01:34]} 51. Kg3 {[%emt 0:00:04]} Nd5 {[%emt 0:01:11]} 52. b5 {[%emt 0:00:10]} Kf8 {[%emt 0:00:55]} 53. Kf3 {[%emt 0:00:33]} Ke7 {[%emt 0:00:31]} 54. g3 {[%emt 0:01:10]} Kd8 {[%emt 0:01:20]} 55. Na4 {[%emt 0:01:56]} Kc7 {[%emt 0:02:09]} 56. Ke4 {[%emt 0:00:12]} c3 $2 {[%emt 0:00:33]} (56... Nb6 $11 {and Black stays safe.} 57. Nc3 Nd5) 57. Kd3 {[%emt 0:00:18]} c2 {[%emt 0:00:08]} 58. Kxc2 {[%emt 0:00:12]} Ne3+ {[%emt 0:00:34]} 59. Kd3 {[%emt 0:00:10]} Nf1 {[%emt 0:00:01]} 60. g4 {[%emt 0:00:13]} h5 $18 {[%emt 0:00:36]} 61. Nc3 {[%emt 0:03:13]} Ng3 {[%emt 0:00:52]} 62. Ne4 {[%emt 0:01:24]} Nxe4 {[%emt 0:00:39]} 63. Kxe4 {[%emt 0:00:06]} hxg4 {[%emt 0:00:04]} 64. hxg4 {[%emt 0:00:07]} Kb6 {[%emt 0:00:07]} 65. g5 {[%emt 0:01:54]} Kxb5 {[%emt 0:00:09]} 66. Kd3 {[%emt 0:00:05]} Kc5 {[%emt 0:01:30]} 67. Kc3 {[%emt 0:00:09]} Kd5 {[%emt 0:00:01]} 68. Kd3 {[%emt 0:00:06]} Kc5 {[%emt 0:00:47]} 69. Kc3 {[%emt 0:00:01]} Kb5 {[%emt 0:00:10]} 70. Kb3 {[%emt 0:00:07]} Kc5 {[%emt 0:01:15]} 71. Kc3 {[%emt 0:00:03]} Kd5 {[%emt 0:00:02]} 72. Kd3 {[%emt 0:00:04] Kxe5 Ke4+} 1/2-1/2

[Event "IIFL Wealth  4th Mumbai Junior U-13"]
[Site "Mumbai"]
[Date "2019.01.06"]
[Round "8"]
[White "Virle Kimaya"]
[Black "Sri Rashmika M"]
[Result "1/2-1/2"]
[WhiteElo "1391"]
[BlackElo "1039"]
[Annotator "NA"]
[PlyCount "98"]
[EventDate "2018.12.30"]
[EventType "swiss"]
[EventCountry "IND"]
[SourceTitle "playchess.com"]
[Source "ChessBase"]
[SourceQuality "1"]
[TimeControl "40/5400+30:1800+30"]

1. d4 {[%emt 0:00:00]} d5 {[%emt 0:00:00]} 2. c4 {[%emt 0:00:00]} e6 {[%emt 0:00:00]} 3. Nc3 {[%emt 0:00:00]} Nf6 {[%emt 0:00:02]} 4. Bg5 {[%emt 0:00:00]} Be7 {[%emt 0:00:03]} 5. e3 {[%emt 0:00:03]} O-O {[%emt 0:00:04]} 6. Nf3 {[%emt 0:00:09]} Nbd7 {[%emt 0:01:19]} 7. Rc1 {[%emt 0:00:14]} c6 {[%emt 0:00:03]} 8. Bd3 {[%emt 0:00:12]} dxc4 {[%emt 0:00:02]} 9. Bxc4 {[%emt 0:00:15]} Nd5 {[%emt 0:02:01]} 10. Bxe7 {[%emt 0:00:11]} Qxe7 {[%emt 0:00:03]} 11. O-O {[%emt 0:00:13]} Nxc3 {[%emt 0:03:00]} 12. Rxc3 {[%emt 0:00:23]} e5 {[%emt 0:03:54]} 13. Qc2 {[%emt 0:00:45]} exd4 {[%emt 0:06:56]} 14. exd4 {[%emt 0:00:30]} Nb6 {[%emt 0:12:14]} 15. Re1 {[%emt 0:01:22]} Qf6 {[%emt 0:07:25]} 16. Bb3 {[%emt 0:02:31]} Bg4 {[%emt 0:05:45]} 17. Qe4 {[%emt 0:01:47]} Qf5 {[%emt 0:17:14]} 18. Qxf5 {[%emt 0:12:40]} Bxf5 {[%emt 0:00:02]} 19. Rc5 {[%emt 0:00:06]} Bd7 {[%emt 0:08:51]} 20. Ng5 {[%emt 0:01:26]} Rae8 {[%emt 0:08:55]} 21. Rce5 {[%emt 0:02:11]} Nd5 {[%emt 0:02:03]} 22. Kf1 {[%emt 0:12:59]} f6 {[%emt 0:04:17]} 23. Rxe8 {[%emt 0:04:17]} Rxe8 {[%emt 0:00:18]} 24. Rxe8+ {[%emt 0:00:52]} Bxe8 {[%emt 0:00:02]} 25. Bxd5+ {[%emt 0:01:32]} cxd5 {[%emt 0:00:02]} 26. Ne6 {[%emt 0:00:16]} Bc6 {[%emt 0:02:33]} 27. Nd8 {[%emt 0:01:17]} Kf8 {[%emt 0:01:53]} 28. Ne6+ {[%emt 0:00:30]} Kf7 {[%emt 0:00:18]} 29. Nc5 {[%emt 0:00:26]} b6 {[%emt 0:03:24]} 30. Nb3 {[%emt 0:01:05]} Bb5+ {[%emt 0:02:38]} 31. Ke1 {[%emt 0:00:07]} Bc4 {[%emt 0:00:51]} 32. Nc1 {[%emt 0:00:06]} Ke6 {[%emt 0:00:15]} 33. b3 {[%emt 0:00:05]} Ba6 {[%emt 0:00:27]} 34. a3 {[%emt 0:00:18]} Kf5 {[%emt 0:01:47]} 35. Kd2 {[%emt 0:01:03]} Ke4 {[%emt 0:02:14]} 36. Kc3 {[%emt 0:00:46]} Bf1 {[%emt 0:01:10]} 37. g3 {[%emt 0:00:51]} Kf3 {[%emt 0:01:49]} 38. Na2 {[%emt 0:00:12]} Kxf2 {[%emt 0:02:18]} 39. Nb4 {[%emt 0:00:07]} Bg2 {[%emt 0:00:52]} 40. Nc6 {[%emt 0:00:00]} a6 {[%emt 0:00:00]} 41. Nb8 {[%emt 0:00:57]} Bf1 {[%emt 0:10:10]} 42. Nd7 {[%emt 0:00:39]} Kg2 {[%emt 0:02:00]} 43. Nxb6 {[%emt 0:00:40]} Kxh2 {[%emt 0:00:05]} 44. Nxd5 {[%emt 0:00:04]} Kxg3 {[%emt 0:00:06]} 45. Nc7 {[%emt 0:01:23]} Kf4 {[%emt 0:00:45]} 46. Ne6+ {[%emt 0:01:34]} Ke4 {[%emt 0:02:40]} 47. Nxg7 {[%emt 0:00:14]} f5 {[%emt 0:00:48]} 48. Nh5 {[%emt 0:02:26]} f4 {[%emt 0:07:00]} 49. d5 Kxd5 {Kd4+} 1/2-1/2

[Event "IIFL Wealth  4th Mumbai Junior U-13"]
[Site "Mumbai"]
[Date "2019.01.06"]
[Round "8"]
[White "Agarwal Mukund H"]
[Black "Kshatriya Nitin Vekhande"]
[Result "1/2-1/2"]
[WhiteElo "1375"]
[BlackElo "1544"]
[Annotator "NA"]
[PlyCount "125"]
[EventDate "2018.12.30"]
[EventType "swiss"]
[EventCountry "IND"]
[SourceTitle "playchess.com"]
[Source "ChessBase"]
[SourceQuality "1"]
[TimeControl "40/5400+30:1800+30"]

1. e4 {[%emt 0:00:00]} c5 {[%emt 0:00:00]} 2. Nc3 {[%emt 0:00:00]} g6 {[%emt 0:00:00]} 3. f4 {[%emt 0:00:00]} Bg7 {[%emt 0:00:05]} 4. Nf3 {[%emt 0:00:00]} Nc6 {[%emt 0:00:09]} 5. Bb5 {[%emt 0:00:00]} Nd4 {[%emt 0:00:22]} 6. Nxd4 {[%emt 0:00:00]} Bxd4 {[%emt 0:00:14]} 7. Ne2 {[%emt 0:00:01]} Bg7 {[%emt 0:00:09]} 8. d3 {[%emt 0:01:06]} a6 {[%emt 0:00:41]} 9. Bc4 {[%emt 0:00:05]} b5 {[%emt 0:00:04]} 10. Bb3 {[%emt 0:00:49]} e6 {[%emt 0:00:31]} 11. c3 {[%emt 0:03:35]} Ne7 {[%emt 0:01:00]} 12. O-O {[%emt 0:03:07]} O-O {[%emt 0:02:07]} 13. Be3 {[%emt 0:05:39]} Qc7 {[%emt 0:01:20]} 14. d4 {[%emt 0:03:30]} c4 {[%emt 0:02:48]} 15. Bc2 {[%emt 0:00:05]} Bb7 {[%emt 0:01:02]} 16. Ng3 {[%emt 0:07:16]} f5 {[%emt 0:00:49]} 17. exf5 {[%emt 0:01:55]} exf5 {[%emt 0:01:14]} 18. Qd2 {[%emt 0:02:51]} Nd5 {[%emt 0:01:02]} 19. Rae1 {[%emt 0:03:50]} Rae8 {[%emt 0:00:47]} 20. Bd1 {[%emt 0:02:53]} Re7 {[%emt 0:00:59]} 21. Bf3 {[%emt 0:03:07]} Rfe8 {[%emt 0:00:36]} 22. Bxd5+ {[%emt 0:00:44]} Bxd5 {[%emt 0:01:19]} 23. Rf2 {[%emt 0:08:19]} Qb7 {[%emt 0:03:07]} 24. Rfe2 {[%emt 0:02:06]} Bh6 {[%emt 0:04:12]} 25. Rf2 {[%emt 0:05:41]} d6 {[%emt 0:01:22]} 26. Rfe2 {[%emt 0:01:40]} Kf7 {[%emt 0:01:36]} 27. Rf2 {[%emt 0:01:08]} Qd7 {[%emt 0:22:12]} 28. Rfe2 {[%emt 0:02:50]} Rxe3 {[%emt 0:14:18]} 29. Rxe3 {[%emt 0:01:43]} Bxf4 {[%emt 0:00:27]} 30. Qf2 {[%emt 0:01:27]} Rxe3 {[%emt 0:05:08]} 31. Rxe3 {[%emt 0:00:08]} Bxe3 {[%emt 0:00:12]} 32. Qxe3 {[%emt 0:00:01]} Qe7 {[%emt 0:01:19]} 33. Qxe7+ {[%emt 0:00:40]} Kxe7 {[%emt 0:00:09]} 34. Kf2 {[%emt 0:00:14]} Kf6 {[%emt 0:02:09]} 35. Ne2 {[%emt 0:01:14]} g5 {[%emt 0:00:32]} 36. g3 {[%emt 0:00:39]} h6 {[%emt 0:00:48]} 37. Ke3 {[%emt 0:02:03]} Be4 {[%emt 0:01:59]} 38. Kf2 {[%emt 0:02:29]} Bd3 {[%emt 0:03:29]} 39. Ng1 {[%emt 0:00:53]} g4 40. h4 {[%emt 0:00:00]} Bb1 {[%emt 0:00:00]} 41. a3 {[%emt 0:05:30]} Bd3 {[%emt 0:10:13]} 42. Ke3 {[%emt 0:00:28]} f4+ 43. Kxf4 {[%emt 0:02:51]} h5 {[%emt 0:02:01]} 44. Ke3 {[%emt 0:02:31]} Kf5 {[%emt 0:00:04]} 45. b4 {[%emt 0:03:29]} d5 {[%emt 0:13:23]} 46. Kf2 {[%emt 0:00:22]} Ke4 {[%emt 0:05:53]} 47. Ne2 {[%emt 0:00:20]} Bxe2 {[%emt 0:26:42]} 48. Kxe2 {[%emt 0:00:48]} Kf5 {[%emt 0:00:10]} 49. Ke3 {[%emt 0:00:13]} Ke6 {[%emt 0:00:04]} 50. Kf4 {[%emt 0:00:12]} Kf6 {[%emt 0:00:05]} 51. Ke3 {[%emt 0:00:06]} Kf5 {[%emt 0:00:02]} 52. Kf2 {[%emt 0:00:10]} Ke4 {[%emt 0:00:13]} 53. Ke2 {[%emt 0:00:03]} Kf5 {[%emt 0:00:34]} 54. Ke3 {[%emt 0:00:05]} Ke6 {[%emt 0:00:04]} 55. Kf4 {[%emt 0:00:05]} Kf6 {[%emt 0:00:03]} 56. Ke3 {[%emt 0:00:06]} Kf5 {[%emt 0:00:06]} 57. Kf2 {[%emt 0:00:03]} Ke4 {[%emt 0:00:09]} 58. Ke2 {[%emt 0:00:04]} Kf5 {[%emt 0:00:04]} 59. Ke3 {[%emt 0:00:01]} Ke6 {[%emt 0:00:06]} 60. Kf4 {[%emt 0:00:05]} Kf6 {[%emt 0:00:19]} 61. Ke3 {[%emt 0:00:26]} Kf5 {[%emt 0:00:12]} 62. Kf2 {[%emt 0:00:10]} Ke4 {[%emt 0:00:03]} 63. Ke2 {Ke5} 1/2-1/2

[Event "IIFL Wealth  4th Mumbai Junior U-13"]
[Site "Mumbai"]
[Date "2019.01.06"]
[Round "8"]
[White "Shreyas Seshadri Nallore"]
[Black "Aditya Ramanathan"]
[Result "1-0"]
[WhiteElo "1343"]
[BlackElo "1493"]
[Annotator "NA"]
[PlyCount "125"]
[EventDate "2018.12.30"]
[EventType "swiss"]
[EventCountry "IND"]
[SourceTitle "playchess.com"]
[Source "ChessBase"]
[SourceQuality "1"]
[TimeControl "40/5400+30:1800+30"]

1. e4 {[%emt 0:00:00]} e5 {[%emt 0:00:00]} 2. Nf3 {[%emt 0:00:00]} Nc6 {[%emt 0:00:00]} 3. d4 {[%emt 0:00:00]} exd4 {[%emt 0:00:00]} 4. Nxd4 {[%emt 0:00:00]} Nf6 {[%emt 0:00:00]} 5. Nc3 {[%emt 0:00:00]} Bb4 {[%emt 0:00:07]} 6. Nxc6 {[%emt 0:00:00]} bxc6 {[%emt 0:00:05]} 7. Bd3 {[%emt 0:00:04]} d5 {[%emt 0:00:10]} 8. exd5 {[%emt 0:00:18]} O-O {[%emt 0:00:11]} 9. O-O {[%emt 0:01:11]} cxd5 {[%emt 0:00:06]} 10. Bg5 {[%emt 0:00:28]} c6 {[%emt 0:00:09]} 11. Qf3 {[%emt 0:02:00]} Be6 {[%emt 0:03:44]} 12. Bxf6 {[%emt 0:04:44]} Qxf6 {[%emt 0:00:07]} 13. Qxf6 {[%emt 0:00:04]} gxf6 {[%emt 0:00:08]} 14. Ne2 {[%emt 0:01:08]} c5 {[%emt 0:01:28]} 15. Ng3 {[%emt 0:06:48]} c4 {[%emt 0:01:43]} 16. Be2 Bd6 {[%emt 0:01:23]} 17. Rad1 {[%emt 0:05:41]} Rfd8 {[%emt 0:01:59]} 18. Bf3 {[%emt 0:04:10]} Be5 {[%emt 0:05:27]} 19. b3 {[%emt 0:00:29]} cxb3 {[%emt 0:00:07]} 20. cxb3 {[%emt 0:00:23]} Rac8 {[%emt 0:00:12]} 21. Rd2 {[%emt 0:08:27]} d4 {[%emt 0:05:21]} 22. Rfd1 {[%emt 0:05:10]} Rc7 {[%emt 0:09:22]} 23. Ne2 {[%emt 0:05:17]} Rcd7 {[%emt 0:00:51]} 24. Bc6 {[%emt 0:02:55]} Rd6 {[%emt 0:00:14]} 25. Bb5 {[%emt 0:00:14]} a6 {[%emt 0:08:37]} 26. Bd3 {[%emt 0:01:40]} f5 {[%emt 0:07:55]} 27. f4 {[%emt 0:00:25]} Bf6 {[%emt 0:00:50]} 28. Ng3 {[%emt 0:00:34]} Kf8 {[%emt 0:03:25]} 29. Bxf5 {[%emt 0:01:54]} Bxf5 {[%emt 0:00:08]} 30. Nxf5 {[%emt 0:00:09]} Rd5 {[%emt 0:00:07]} 31. Ng3 {[%emt 0:02:18]} d3 {[%emt 0:00:30]} 32. Kf1 {[%emt 0:07:18]} Bc3 {[%emt 0:00:16]} 33. Rf2 {[%emt 0:00:10]} d2 {[%emt 0:05:44]} 34. Ne4 {[%emt 0:03:09]} Ba5 {[%emt 0:00:44]} 35. a3 {[%emt 0:02:32]} Rd4 {[%emt 0:01:06]} 36. Nc5 {[%emt 0:04:57]} Re8 {[%emt 0:01:34]} 37. b4 {[%emt 0:01:32]} Bb6 {[%emt 0:01:57]} 38. Rdxd2 {[%emt 0:01:04]} Bxc5 {[%emt 0:00:52]} 39. bxc5 {[%emt 0:00:09]} Rc4 {[%emt 0:00:21]} 40. Rc2 {[%emt 0:00:00]} Rd4 {[%emt 0:00:00]} 41. g3 {[%emt 0:01:02]} Rc8 {[%emt 0:00:54]} 42. Rc3 {[%emt 0:00:27]} Rd1+ {[%emt 0:00:07]} 43. Kg2 {[%emt 0:00:22]} Rd5 {[%emt 0:00:05]} 44. c6 {[%emt 0:00:23]} Rd6 {[%emt 0:00:10]} 45. c7 {[%emt 0:00:10]} Ke7 {[%emt 0:00:18]} 46. Rfc2 {[%emt 0:00:28]} Kd7 {[%emt 0:00:05]} 47. Kf3 {[%emt 0:00:08]} f5 {[%emt 0:00:06]} 48. Kg2 {[%emt 0:00:46]} h5 {[%emt 0:00:21]} 49. Kh3 {[%emt 0:00:07]} a5 {[%emt 0:00:28]} 50. Rc5 {[%emt 0:00:13]} h4 51. Kxh4 {[%emt 0:00:24]} Rg6 {[%emt 0:00:19]} 52. Rxf5 {[%emt 0:00:32]} a4 {[%emt 0:00:05]} 53. Rg5 {[%emt 0:00:17]} Rh6+ {[%emt 0:00:09]} 54. Rh5 {[%emt 0:00:09]} Re6 {[%emt 0:00:26]} 55. Rc3 {[%emt 0:00:27]} Ke7 {[%emt 0:00:15]} 56. g4 {[%emt 0:00:28]} Re2 {[%emt 0:00:05]} 57. h3 {[%emt 0:00:04]} Rh2 {[%emt 0:00:16]} 58. f5 {[%emt 0:00:11]} Kf6 {[%emt 0:00:04]} 59. Rh6+ {[%emt 0:00:11]} Kg7 {[%emt 0:00:06]} 60. Rd6 {[%emt 0:00:09]} Rh8+ {[%emt 0:00:40]} 61. Kg5 {[%emt 0:00:09]} Rc8 {[%emt 0:00:08]} 62. Rd8 {[%emt 0:00:23]} Rxc7 {[%emt 0:00:11]} 63. Rxc7# {[%emt 0:00:04]} 1-0

[Event "IIFL Wealth  4th Mumbai Junior U-13"]
[Site "Mumbai"]
[Date "2019.01.06"]
[Round "8"]
[White "Jain, Kushagra"]
[Black "Kadam Laksh"]
[Result "1-0"]
[WhiteElo "1323"]
[BlackElo "1182"]
[Annotator "NA"]
[PlyCount "69"]
[EventDate "2018.12.30"]
[EventType "swiss"]
[EventCountry "IND"]
[SourceTitle "playchess.com"]
[Source "ChessBase"]
[SourceQuality "1"]
[TimeControl "40/5400+30:1800+30"]

1. e4 {[%emt 0:04:02]} e5 {[%emt 0:00:00]} 2. Bc4 {[%emt 0:00:11]} Bc5 {[%emt 0:02:26]} 3. Nf3 {[%emt 0:00:15]} Nc6 {[%emt 0:00:18]} 4. b4 {[%emt 0:00:07]} Bxb4 {[%emt 0:01:16]} 5. c3 {[%emt 0:00:10]} Be7 {[%emt 0:01:09]} 6. d4 {[%emt 0:01:32]} d6 {[%emt 0:02:10]} 7. Qb3 {[%emt 0:03:55]} Na5 {[%emt 0:10:14]} 8. Bxf7+ {[%emt 0:01:59]} Kf8 {[%emt 0:03:16]} 9. Qa4 {[%emt 0:01:26]} Kxf7 {[%emt 0:00:34]} 10. Qxa5 {[%emt 0:00:12]} b6 {[%emt 0:04:39]} 11. Qa4 {[%emt 0:02:52]} Bf6 {[%emt 0:03:50]} 12. O-O {[%emt 0:02:34]} Ne7 {[%emt 0:01:26]} 13. dxe5 {[%emt 0:03:59]} dxe5 {[%emt 0:03:53]} 14. Rd1 {[%emt 0:05:28]} Qe8 {[%emt 0:01:14]} 15. Qc4+ {[%emt 0:01:42]} Be6 {[%emt 0:06:02]} 16. Qxc7 {[%emt 0:00:37]} Qa4 {[%emt 0:04:33]} 17. Re1 {[%emt 0:03:59]} Qa5 {[%emt 0:29:43]} 18. Ba3 {[%emt 0:12:49]} Rac8 {[%emt 0:07:31]} 19. Qd6 {[%emt 0:01:22]} Rhd8 {[%emt 0:04:18]} 20. Qb4 {[%emt 0:00:44]} Qxb4 {[%emt 0:00:15]} 21. Bxb4 {[%emt 0:01:50]} a5 {[%emt 0:00:41]} 22. Bxe7 {[%emt 0:02:39]} Kxe7 {[%emt 0:00:08]} 23. Rc1 {[%emt 0:01:01]} Bg4 {[%emt 0:01:44]} 24. Nbd2 {[%emt 0:01:52]} g5 {[%emt 0:02:33]} 25. h3 {[%emt 0:02:36]} Bxf3 {[%emt 0:00:27]} 26. Nxf3 {[%emt 0:00:11]} h5 {[%emt 0:00:20]} 27. Rab1 {[%emt 0:05:58]} Rc6 {[%emt 0:00:28]} 28. Rb5 {[%emt 0:03:32]} Ke6 {[%emt 0:01:11]} 29. Kf1 {[%emt 0:05:52]} Rdc8 {[%emt 0:02:26]} 30. Ke2 {[%emt 0:00:44]} Bd8 {[%emt 0:00:49]} 31. Rxe5+ {[%emt 0:00:57]} Kd6 {[%emt 0:02:48]} 32. Rd5+ {[%emt 0:00:16]} Kc7 {[%emt 0:00:46]} 33. Nxg5 {[%emt 0:00:28]} Kb7 {[%emt 0:00:49]} 34. Nf7 Bf6 35. Rb5 1-0

[Event "IIFL Wealth  4th Mumbai Junior U-13"]
[Site "Mumbai"]
[Date "2019.01.06"]
[Round "8"]
[White "Aditya Sriram"]
[Black "Daakshin Arun"]
[Result "0-1"]
[WhiteElo "1315"]
[BlackElo "1400"]
[Annotator "NA"]
[PlyCount "44"]
[EventDate "2018.12.30"]
[EventType "swiss"]
[EventCountry "IND"]
[SourceTitle "playchess.com"]
[Source "ChessBase"]
[SourceQuality "1"]
[TimeControl "40/5400+30:1800+30"]

1. e4 {[%emt 0:00:00]} c5 {[%emt 0:00:00]} 2. Nf3 {[%emt 0:00:00]} d6 {[%emt 0:00:00]} 3. d4 {[%emt 0:00:11]} cxd4 {[%emt 0:00:00]} 4. Nxd4 {[%emt 0:00:04]} Nf6 {[%emt 0:00:00]} 5. Nc3 {[%emt 0:00:33]} a6 {[%emt 0:00:00]} 6. Bg5 {[%emt 0:00:08]} e6 {[%emt 0:00:02]} 7. f4 {[%emt 0:00:06]} Be7 {[%emt 0:00:04]} 8. Qf3 {[%emt 0:00:48]} Nbd7 {[%emt 0:00:07]} 9. O-O-O {[%emt 0:00:22]} Qc7 {[%emt 0:00:10]} 10. g4 {[%emt 0:00:34]} b5 {[%emt 0:00:16]} 11. Bxf6 {[%emt 0:01:05]} Nxf6 {[%emt 0:00:39]} 12. g5 {[%emt 0:00:26]} Nd7 {[%emt 0:00:04]} 13. f5 {[%emt 0:00:05]} Ne5 {[%emt 0:01:15]} 14. Qg3 {[%emt 0:07:07]} b4 {[%emt 0:01:08]} 15. Nce2 {[%emt 0:05:22]} Bd7 {[%emt 0:06:27]} 16. h4 {[%emt 0:05:58]} Rc8 {[%emt 0:00:47]} 17. Qb3 {[%emt 0:04:01]} Ng4 {[%emt 0:05:05]} 18. fxe6 {[%emt 0:02:38]} fxe6 {[%emt 0:01:43]} 19. Rg1 {[%emt 0:03:44]} Nf2 {[%emt 0:02:36]} 20. Re1 {[%emt 0:00:32]} e5 {[%emt 0:06:13]} 21. Qf3 {[%emt 0:05:15]} exd4 {[%emt 0:01:27]} 22. Qxf2 {[%emt 0:00:47]} Qxc2# {[%emt 0:00:08]} 0-1

[Event "IIFL Wealth  4th Mumbai Junior U-13"]
[Site "Mumbai"]
[Date "2019.01.06"]
[Round "8"]
[White "Mitank Maru"]
[Black "Makwana Devam"]
[Result "1-0"]
[WhiteElo "1312"]
[BlackElo "1617"]
[Annotator "NA"]
[PlyCount "70"]
[EventDate "2018.12.30"]
[EventType "swiss"]
[EventCountry "IND"]
[SourceTitle "playchess.com"]
[Source "ChessBase"]
[SourceQuality "1"]
[TimeControl "40/5400+30:1800+30"]

1. c4 {[%emt 0:00:54]} c6 {[%emt 0:00:01]} 2. e4 {[%emt 0:02:32]} g6 {[%emt 0:02:33]} 3. d4 {[%emt 0:04:21]} Bg7 {[%emt 0:00:20]} 4. Nf3 {[%emt 0:02:50]} d6 {[%emt 0:01:39]} 5. Nc3 {[%emt 0:03:06]} Bg4 {[%emt 0:00:50]} 6. Be2 {[%emt 0:07:26]} Nd7 {[%emt 0:02:01]} 7. O-O {[%emt 0:05:27]} c5 {[%emt 0:02:53]} 8. d5 {[%emt 0:03:29]} Ngf6 {[%emt 0:03:43]} 9. Re1 {[%emt 0:04:19]} O-O {[%emt 0:08:15]} 10. h3 {[%emt 0:01:17]} Bxf3 {[%emt 0:02:06]} 11. Bxf3 {[%emt 0:00:30]} Nb6 {[%emt 0:03:59]} 12. Be2 {[%emt 0:08:54]} Nfd7 13. Qc2 {[%emt 0:08:03]} Ne5 {[%emt 0:14:18]} 14. Nd1 {[%emt 0:03:53]} f5 {[%emt 0:10:47]} 15. f4 {[%emt 0:02:44]} Ned7 {[%emt 0:02:59]} 16. exf5 {[%emt 0:04:27]} Rxf5 {[%emt 0:00:23]} 17. Bg4 {[%emt 0:03:06]} Rf8 {[%emt 0:02:19]} 18. Bd2 {[%emt 0:06:36]} Bd4+ {[%emt 0:02:18]} 19. Kh1 {[%emt 0:02:09]} Qe8 {[%emt 0:05:38]} 20. Be6+ {[%emt 0:06:18]} Kh8 {[%emt 0:00:22]} 21. Rf1 {[%emt 0:04:10]} Ne5 {[%emt 0:05:05]} 22. Ne3 {[%emt 0:03:01]} Bxe3 {[%emt 0:01:49]} 23. Bxe3 {[%emt 0:01:17]} Nexc4 {[%emt 0:02:43]} 24. Qc3+ {[%emt 0:00:51]} Rf6 {[%emt 0:00:01]} 25. Bf2 {[%emt 0:00:28]} Qf8 {[%emt 0:02:41]} 26. Bh4 {[%emt 0:00:56]} Qg7 {[%emt 0:00:02]} 27. Bxf6 {[%emt 0:00:49]} exf6 {[%emt 0:00:13]} 28. a4 {[%emt 0:02:18]} f5 {[%emt 0:00:45]} 29. Qxg7+ {[%emt 0:01:05]} Kxg7 {[%emt 0:00:01]} 30. a5 {[%emt 0:01:09]} Nc8 {[%emt 0:00:23]} 31. Rfe1 {[%emt 0:01:24]} Ne7 {[%emt 0:01:13]} 32. Re2 {[%emt 0:01:50]} b6 33. Bd7 Kf6 34. Re6+ Kf7 35. Rae1 Rc8 1-0